| 000 | 00556nam a2200193 a 4500 | ||
|---|---|---|---|
| 005 | 20140310183610.0 | ||
| 008 | 120717s19uu xx 00 eng d | ||
| 020 | _a9780132604338 | ||
| 050 |
_aHD 31 _b.G58955 2012 |
||
| 100 | _aGomez-Mejia, Luis R. | ||
| 245 |
_aManagement : _bpeople, performance, change / _cLuis R. Gomez-Mejia |
||
| 260 |
_aBoston : _bPearson Pub, _c2012. |
||
| 300 |
_a545 p. : _bcol. ill. ; _c28 cm. |
||
| 521 | _aBSBA | ||
| 650 | _aPersonnel management | ||
| 700 | _aBalkin, David B. | ||
| 942 |
_cBK _2lcc _kFOR |
||
| 999 |
_c25225 _d25225 |
||